00422nam a2200121Ia 4500008004100000041000800041080003600049245015400085260000900239300001000248003000900258040003300267180921t1986 xxu||||| ||||o00| 0 eng d aeng aActs Of Sri Lanka Nos.1-45 1986 aActs of Sri Lanka : Parliment of The Democratic Socialist Republic of Sri Lanka Vidyaranya Vinayakrama Sabhawa ( Incorporation ) Act, No.16 of 1986 c1986 a23 cmLK-CoDNM aLK-CoDNMdLK-CoDNMeLK-CoDNM